[Event "AUTO-ADV-51"]
[Site "http://www.queenalice.com/game.php?id=38561"]
[Date "2005.11.18"]
[Round "2"]
[White "cacobaju"]
[Black "diego2907"]
[Result "0-1"]
[WhiteElo "1792"]
[BlackElo "1673"]

1. e4 e5 2. Nf3 d6 3. Nc3 h6 4. Bc4 a6 5. O-O Qe7 6. Nd5 Qd8 7. d3 b5 8. Bb3 Bb7
9. Be3 Bxd5 10. Bxd5 c6 11. Bb3 a5 12. a4 b4 13. c3 c5 14. Bd5 Ra7 15. cxb4 axb4
16. Qb3 Nf6 17. Bxf7+ Kd7 18. Qd5 Nxd5 19. exd5 Qf6 20. Be6+ Kc7 21. Nd2 Nd7 22.
Nc4 Nb6 23. b3 g5 24. a5 Nxc4 25. dxc4 e4 26. a6 Kb6 27. Bc8 Qc3 28. Rfb1 Bg7
29. Bb7 Qc2 30. Rc1 Qxb3 31. Rab1 Qa3 32. h3 b3 33. f4 b2 34. fxg5 Qxe3+ 35. Kh1
Qxc1+ 36. Rxc1 bxc1=Q+ 37. Kh2 Be5+ 38. g3 Qd2+ 39. Kh1 Qe1+ 40. Kg2 Qxg3+ 41.
Kf1 Rf8+ 42. Ke2 Rf2+ 43. Kd1 Qg1# 0-1

[Event "AUTO-ADV-51"]
[Site "http://www.queenalice.com/game.php?id=38566"]
[Date "2005.11.18"]
[Round "2"]
[White "cacobaju"]
[Black "Fabio"]
[Result "0-1"]
[WhiteElo "1771"]
[BlackElo "1610"]

1. e4 e5 2. Nf3 d6 3. Bc4 f6 4. Nc3 a6 5. O-O b5 6. Bb3 Nh6 7. h3 Nc6 8. Bd5 Bd7
9. a3 g5 10. g4 Rb8 11. d3 Qc8 12. Be3 b4 13. axb4 Nxb4 14. Bc4 c5 15. Nd5 Nxd5
16. exd5 Bxg4 17. hxg4 Qxg4+ 18. Kh2 Qh5+ 19. Kg3 Nf5+ 20. Kg2 g4 21. Rh1 gxf3+
22. Qxf3 Rg8+ 23. Qg3 Rxg3+ 24. fxg3 Qe2+ 25. Bf2 Bh6 26. Rac1 Bxc1 27. Rxc1
Rxb2 28. Bxa6 Ne3+ 29. Kh3 Qxf2 30. Bb7 Qg2+ 31. Kh4 Qh2# 0-1

[Event "AUTO-ADV-51"]
[Site "http://www.queenalice.com/game.php?id=38567"]
[Date "2005.11.18"]
[Round "2"]
[White "Fabio"]
[Black "cacobaju"]
[Result "0-1"]
[WhiteElo "1628"]
[BlackElo "1791"]

1. d4 d5 2. c3 Nf6 3. f3 Bf5 4. g4 Bxb1 5. Rxb1 b5 6. Nh3 h6 7. Qd3 c6 8. b4 g5
9. a3 a5 10. e3 e6 11. e4 dxe4 12. fxe4 Nxg4 13. Qf3 Nf6 14. e5 Nfd7 15. Bxb5 g4
0-1

[Event "AUTO-ADV-51"]
[Site "http://www.queenalice.com/game.php?id=38568"]
[Date "2005.11.18"]
[Round "2"]
[White "cacobaju"]
[Black "Claumann"]
[Result "0-1"]
[WhiteElo "1800"]
[BlackElo "2090"]

1. e4 c5 2. Bc4 Nf6 3. e5 d5 4. exf6 dxc4 5. fxe7 Bxe7 6. Nc3 Nc6 7. Nf3 Nd4 8.
h3 Bf5 9. Nxd4 cxd4 10. Ne2 d3 11. cxd3 Qxd3 12. O-O O-O 13. Ng3 Bg6 14. Qe2 Bc5
15. Qxd3 Bxd3 16. Re1 Rfe8 17. Rxe8+ Rxe8 18. a4 Re1+ 19. Kh2 Bb4 20. a5 Bxd2
21. a6 b5 22. Ra5 Bxa5 23. Be3 Rxe3 24. fxe3 b4 25. e4 c3 26. bxc3 bxc3 27. e5
c2 28. e6 fxe6 29. h4 Bc7 30. Kh3 c1=Q 31. Kh2 Qe3 32. h5 Qxg3+ 33. Kg1 Qe1# 0-1

[Event "AUTO-ADV-51"]
[Site "http://www.queenalice.com/game.php?id=38569"]
[Date "2005.11.18"]
[Round "2"]
[White "Claumann"]
[Black "cacobaju"]
[Result "1-0"]
[WhiteElo "2084"]
[BlackElo "1783"]

1. d4 d5 2. c4 dxc4 3. Qa4+ Nc6 4. e3 a6 5. Bxc4 Bd7 6. Qb3 e6 7. Bd2 b5 8. Bd3
Nf6 9. Nf3 Bd6 10. O-O O-O 11. Rc1 Qb8 12. Nc3 Na5 13. Qc2 Nc4 14. Ne4 Nxe4 15.
Bxe4 c6 16. Bxh7+ Kh8 17. Bd3 Nxd2 18. Qxd2 g6 19. Be4 f5 20. Bxc6 Bxc6 21. Rxc6
Rc8 22. Rac1 Rxc6 23. Rxc6 Ra7 24. d5 e5 25. e4 Rh7 26. Qg5 fxe4 27. Qf6+ Rg7
28. Rxd6 Qc7 29. Rd8+ Qxd8 30. Qxd8+ Rg8 31. Qf6+ Rg7 32. Ng5 e3 33. Qf8+ Rg8
34. Qh6# 1-0

[Event "sáo paulo"]
[Site "http://www.queenalice.com/game.php?id=58368"]
[Date "2006.3.20"]
[Round "-"]
[White "cacobaju"]
[Black "vsg"]
[Result "0-1"]
[WhiteElo "1762"]
[BlackElo "1463"]

1. e4 e5 2. Nf3 d6 3. Nc3 Bd7 4. Bc4 h6 5. O-O Be7 6. d3 Bg4 7. h3 Bd7 8. a4 a6
9. Be3 Bg5 10. Qd2 f6 11. g4 Ne7 12. Kg2 Ng6 13. Rh1 Bxe3 14. Qxe3 Nf4+ 15. Kg3
g5 16. h4 Qc8 17. Nd5 Qd8 0-1

[Event "sampa"]
[Site "http://www.queenalice.com/game.php?id=63358"]
[Date "2006.4.15"]
[Round "-"]
[White "silvaguimaraes"]
[Black "cacobaju"]
[Result "0-1"]
[WhiteElo "1722"]
[BlackElo "1746"]

1. b3 e5 2. Bb2 Nc6 3. Bc3 Bc5 4. e3 a6 5. Qg4 g6 6. Bd3 d6 7. Qd1 Nf6 8. h3 Be6
9. Bf1 Qe7 10. Be2 O-O-O 11. a3 d5 12. d4 exd4 13. exd4 Bd6 14. Nd2 Ne4 15. Nxe4
dxe4 16. d5 Be5 17. Bxe5 Nxe5 18. c4 Bf5 19. Qd4 Nd3+ 20. Kf1 Nc5 21. Qe3 Qd6
22. Rd1 Qb6 23. Rb1 Rhe8 24. g3 Nd3 25. Qxb6 cxb6 26. Bxd3 exd3 27. Kg2 d2 28.
Rd1 Bc2 29. Rxd2 Bxb3 30. Rd4 b5 31. Nf3 Bxc4 32. d6 Kd7 33. a4 Re6 34. axb5
Bxb5 35. Rhd1 Bc6 36. h4 Re4 37. R4d3 Kc8 38. Ng5 Re1+ 39. Kh2 Rxd1 40. Rxd1 Ba4
41. Rd4 Bb3 42. Nxh7 b5 43. Nf6 Be6 44. f3 Kb7 45. Rd2 Kc6 46. Ra2 Bxa2 47. Ne4
f5 48. Ng5 Rxd6 49. Nf7 Bxf7 50. Kg2 b4 51. g4 b3 52. gxf5 b2 53. fxg6 Rxg6+ 54.
Kh3 b1=Q 55. h5 Qh1# 0-1

[Event "Challenge"]
[Site "http://www.queenalice.com/game.php?id=66997"]
[Date "2006.5.5"]
[Round "-"]
[White "mogerio"]
[Black "cacobaju"]
[Result "0-1"]
[WhiteElo "816"]
[BlackElo "1755"]

1. d3 e5 2. Nf3 Nc6 3. Nc3 Bb4 4. Qd2 d5 5. e3 d4 6. exd4 exd4 7. Ne4 Bxd2+ 8.
Bxd2 Nf6 9. Neg5 Qe7+ 10. Kd1 O-O 11. Be2 h6 12. Nh3 Re8 13. Nf4 Ng4 14. h3
Nxf2+ 15. Kc1 Nxh1 16. Nh4 g5 17. Nf3 gxf4 18. a4 Qxe2 19. c4 Qxd3 20. g4 Qxf3
21. Kc2 Re2 22. a5 Nb4+ 23. Kc1 Qf1+ 24. Be1 Qxe1# 0-1

[Event "Challenge"]
[Site "http://www.queenalice.com/game.php?id=70123"]
[Date "2006.5.20"]
[Round "-"]
[White "mosca"]
[Black "cacobaju"]
[Result "0-1"]
[WhiteElo "990"]
[BlackElo "1753"]

1. e4 e5 2. d3 Nc6 3. Nc3 Bb4 4. Be3 Nf6 5. a3 Bxc3+ 6. bxc3 O-O 7. Bc5 d6 8.
Bb4 a5 9. c4 axb4 10. axb4 Rxa1 11. Qxa1 Nxb4 12. Qa4 c5 13. Nf3 Bd7 14. Qa7
Nxc2+ 15. Kd2 Nd4 16. Nxd4 cxd4 17. Qxb7 Qa5+ 18. Ke2 Qa2+ 19. Kf3 Bg4+ 20. Kg3
Qd2 21. f3 Be6 22. h4 h5 23. f4 Qxf4# 0-1

[Event "AUTO-OPEN-76"]
[Site "http://www.queenalice.com/game.php?id=71259"]
[Date "2006.5.24"]
[Round "3"]
[White "Boeing"]
[Black "cacobaju"]
[Result "1/2-1/2"]
[WhiteElo "1810"]
[BlackElo "1792"]

1. e4 e5 2. Nf3 Nc6 3. Bb5 Nd4 4. Nxd4 exd4 5. O-O c6 6. Bc4 Bc5 7. Qh5 d5 8.
exd5 Nf6 9. Qe2+ Qe7 10. Qxe7+ Bxe7 11. Re1 cxd5 12. Bb5+ Bd7 13. Bxd7+ Nxd7 14.
d3 f6 15. Na3 Kf7 16. Nb5 Bb4 17. c3 dxc3 18. bxc3 Ba5 19. Nd6+ Kg6 20. Bd2 Nc5
21. d4 Na4 22. Nxb7 Bxc3 23. Bxc3 Nxc3 24. Rec1 Ne2+ 25. Kf1 Nxc1 26. Rxc1 Rab8
27. Nc5 Rb2 28. a4 Rb4 29. Rd1 Rhb8 30. a5 Rb1 31. Rxb1 Rxb1+ 32. Ke2 a6 33.
Nxa6 Ra1 34. g4 Rxa5 35. Nb4 Kg5 36. h3 Kh4 37. f4 Kxh3 38. g5 fxg5 39. fxg5 Kg4
40. Nc6 Ra3 41. g6 h5 42. Ne7 Kg5 43. Kf2 Kf6 44. Nxd5+ Kxg6 45. Ne3 Kf6 46. d5
Ke5 47. Nc4+ Kxd5 48. Nxa3 Ke4 49. Kg3 Kf5 50. Kh4 g5+ 51. Kxh5 g4 52. Nc2 Kf4
53. Nd4 g3 54. Ne2+ Kf3 55. Nxg3 Kxg3 56. Kg5 1/2-1/2

[Event "AUTO-OPEN-76"]
[Site "http://www.queenalice.com/game.php?id=71260"]
[Date "2006.5.24"]
[Round "3"]
[White "cacobaju"]
[Black "Boeing"]
[Result "1/2-1/2"]
[WhiteElo "1793"]
[BlackElo "1780"]

1. e4 e5 2. Nf3 d6 3. h3 a6 4. Bc4 b5 5. Bb3 Bb7 6. d3 c5 7. Bd5 Bxd5 8. exd5 h6
9. c4 bxc4 10. dxc4 Nf6 11. O-O Be7 12. Nc3 O-O 13. Be3 a5 14. g4 g5 15. Qc2 Na6
16. a3 Qd7 17. Nd2 h5 18. f3 e4 19. Ncxe4 Nxe4 20. Nxe4 f5 21. Nxg5 Bxg5 22.
Bxg5 hxg4 23. fxg4 fxg4 24. Qg6+ Qg7 25. Qxg7+ Kxg7 26. Rxf8 Rxf8 27. hxg4 Kg6
28. Be7 Rf4 29. Bxd6 Rxg4+ 30. Kh1 Rxc4 31. Be7 Re4 32. d6 Nb8 33. Rc1 Nd7 34.
Rc2 Kf7 35. Kg2 c4 36. Rf2+ Ke6 37. Kf3 Re5 38. Re2 a4 39. Re4 Kd5 40. Rxe5+
Kxe5 41. Ke3 Kd5 42. Kd2 Kd4 43. Kc2 Nc5 44. Bd8 Kd5 45. Bc7 Nd7 46. Kc3 Kc5 47.
Bd8 Ne5 48. Be7 Nd7 49. Bd8 Ne5 1/2-1/2

[Event "AUTO-OPEN-76"]
[Site "http://www.queenalice.com/game.php?id=71263"]
[Date "2006.5.24"]
[Round "3"]
[White "cacobaju"]
[Black "carlosfed"]
[Result "0-1"]
[WhiteElo "1759"]
[BlackElo "1828"]

1. e4 e5 2. Nf3 d6 3. h3 Nf6 4. Nc3 Be7 5. Bc4 h6 6. d3 Nc6 7. Nd5 Nxd5 8. exd5
Na5 9. Bb5+ Bd7 10. Bxd7+ Qxd7 11. b4 e4 12. Nh2 Bf6 13. Rb1 Qb5 14. Ba3 Qa4 15.
Qc1 Bc3+ 16. Kd1 exd3 17. Qe3+ Kd8 18. Qxd3 Qxa3 19. bxa5 Qxa5 20. Qb5 b6 21.
Qxa5 Bxa5 22. Re1 Bxe1 23. Kxe1 Re8+ 24. Kf1 Kd7 25. Re1 Rxe1+ 26. Kxe1 Re8+ 27.
Kd2 f5 28. f4 Re4 29. g3 Rd4+ 30. Kc3 Rxd5 31. Nf3 Rd1 32. Nd4 g6 33. Nb5 a6 34.
Na7 Rg1 35. g4 fxg4 36. hxg4 Rxg4 37. a4 Rxf4 38. Kd3 h5 39. c4 h4 40. Kc3 h3
41. Kb4 h2 42. a5 c5+ 43. Ka4 Rxc4+ 44. Kb3 Rb4+ 45. Kc3 bxa5 46. Kd2 h1=Q 47.
Kc3 Qf3+ 48. Kc2 Qa3 49. Nb5 Rb2+ 50. Kc1 Qa1# 0-1

[Event "AUTO-OPEN-76"]
[Site "http://www.queenalice.com/game.php?id=71264"]
[Date "2006.5.24"]
[Round "3"]
[White "carlosfed"]
[Black "cacobaju"]
[Result "0-1"]
[WhiteElo "1841"]
[BlackElo "1761"]

1. e4 e5 2. Nf3 Nf6 3. Nxe5 Nxe4 4. Nxf7 Kxf7 5. Qh5+ g6 6. Qd5+ Ke8 7. Qxe4+
Qe7 8. Qxe7+ Bxe7 9. Bc4 Nc6 10. O-O d6 11. c3 Bf5 12. d4 Kd7 13. Bh6 Bf6 14.
Nd2 Na5 15. Be3 Nxc4 16. Nxc4 Bd3 17. Na5 Bxf1 18. Kxf1 b6 19. Nc4 d5 20. Ne5+
Bxe5 21. dxe5 Rae8 22. Bf4 Rhf8 23. Bg3 Rf5 24. Ke2 g5 25. Rd1 Kc6 26. Rd4 h5
27. h3 h4 28. Bh2 Ref8 29. f3 b5 30. b4 Rd8 31. Ke3 Kb6 32. a3 c5 33. bxc5+ Kxc5
34. Kd3 a5 35. Ke3 Rc8 36. Kd3 Rf7 37. Bg1 Kc6 38. Rg4 Rf5 39. Bd4 Kd7 40. Ke3
Rc4 41. Kd2 Ra4 42. Kc2 Rxa3 43. Kb2 Ra4 44. Kb3 Ra1 45. Kb2 Re1 46. Kb3 Kc6 47.
Ka3 b4+ 48. cxb4 axb4+ 49. Kxb4 Rf4 50. Kc3 Rxg4 51. fxg4 Re2 52. Kd3 Rxg2 53.
e6 Kd6 54. Bf6 Kxe6 55. Bxg5 Rg3+ 56. Ke2 Rxh3 57. Kf2 d4 58. Ke2 Kd5 59. Kd2 d3
60. Bd8 Ke4 61. g5 Rg3 62. g6 h3 63. g7 Rxg7 64. Bf6 Rg2+ 0-1

[Event "tupiniquim"]
[Site "http://www.queenalice.com/game.php?id=78045"]
[Date "2006.6.18"]
[Round "-"]
[White "vsg_sampa"]
[Black "cacobaju"]
[Result "1-0"]
[WhiteElo "1755"]
[BlackElo "1780"]

1. e4 e5 2. d4 exd4 3. Qxd4 Nc6 4. Qd1 Nf6 5. Nd2 Bb4 6. c3 Be7 7. Bb5 O-O 8.
Bxc6 dxc6 9. h3 Qd3 10. Qe2 Qxe2+ 11. Nxe2 b5 12. b4 c5 13. bxc5 Bxc5 14. O-O
Re8 15. Ng3 Bb7 16. Re1 Re6 17. a4 b4 18. cxb4 Bxb4 19. f3 Rd8 20. Rd1 Bc3 21.
Rb1 Bd4+ 22. Kh1 Rb8 23. Nc4 c5 24. Bf4 Rd8 25. Rxb7 Ra6 26. a5 h6 27. Be5 Kh7
28. Rxf7 Rd7 29. Rxd7 Nxd7 30. Bxd4 cxd4 31. Rxd4 Nc5 32. Rd6 Rxd6 33. Nxd6 g5
34. Ngf5 Nd3 35. Kg1 Nf4 36. Nf7 Kg6 37. N7xh6 Ne2+ 38. Kf2 Nc1 39. Ng4 Nb3 40.
Ne5+ Kf6 41. Nc6 a6 42. Ke3 Ke6 43. g4 Kd7 44. Nb8+ Kc8 45. Nxa6 Nxa5 46. Nd6+
Kd7 47. Nf7 Nc4+ 48. Ke2 Nd6 49. Nxd6 Kxd6 50. Ke3 Ke5 51. Nc5 Kd6 52. Nd3 Ke6
53. f4 gxf4+ 54. Nxf4+ Kf6 55. Nh5+ Kg5 56. Nf4 Kh4 57. e5 Kg3 58. e6 Kh2 59. e7
Kg3 60. e8=Q Kh2 61. Qa4 Kh1 62. Qd1+ Kh2 63. Qe2+ Kg3 64. Qf2# 1-0

[Event "Challenge"]
[Site "http://www.queenalice.com/game.php?id=81401"]
[Date "2006.6.30"]
[Round "-"]
[White "mosca"]
[Black "cacobaju"]
[Result "0-1"]
[WhiteElo "1293"]
[BlackElo "1757"]

1. d4 d5 2. e3 Nf6 3. Bb5+ Bd7 4. Bxd7+ Qxd7 5. c3 Nc6 6. a4 e5 7. dxe5 Nxe5 8.
f4 Nc6 9. h4 O-O-O 10. e4 Nxe4 11. b4 Re8 12. Ne2 Ng3 13. Rh3 Nxe2 14. Bd2 Nxc3+
15. Be3 Nxd1 16. Kxd1 Bxb4 17. Nd2 d4 18. Bf2 Qe6 19. Be1 Qe2+ 20. Kc2 d3+ 21.
Kb2 Bxd2 22. Bxd2 Qxd2+ 23. Ka3 Qb4+ 24. Ka2 Re2# 0-1

[Event "Challenge"]
[Site "http://www.queenalice.com/game.php?id=91548"]
[Date "2006.8.1"]
[Round "-"]
[White "cacobaju"]
[Black "crono"]
[Result "0-1"]
[WhiteElo "1761"]
[BlackElo "1717"]

1. e4 e5 2. Nf3 Nc6 3. Bb5 Bc5 4. Bxc6 dxc6 5. Nxe5 Bxf2+ 6. Kxf2 Qd4+ 7. Ke1
Qxe5 8. Qe2 Nf6 9. Nc3 Bg4 10. Qe3 O-O 11. d4 Qa5 12. Qg3 c5 13. Bd2 Rfe8 14.
Nd5 Rxe4+ 15. Ne3 Qb5 16. Kf2 Qe2+ 17. Kg1 Qxd2 18. Nxg4 Nxg4 19. h3 Qxd4+ 20.
Kf1 Rf4+ 21. Qxf4 Qxf4+ 22. Ke1 Re8+ 23. Kd1 Nf2# 0-1

[Event "conterraneo"]
[Site "http://www.queenalice.com/game.php?id=93311"]
[Date "2006.8.6"]
[Round "-"]
[White "val_si"]
[Black "cacobaju"]
[Result "0-1"]
[WhiteElo "1607"]
[BlackElo "1784"]

1. b3 e5 2. Bb2 Nc6 3. e3 a6 4. Bc3 Bb4 5. Qg4 Bxc3 6. Nxc3 Nf6 7. Qxg7 Ke7 8.
Qg3 Rg8 9. Qf3 d5 10. Qd1 Be6 11. g3 d4 12. Na4 dxe3 13. dxe3 Qxd1+ 14. Rxd1
Rad8 15. Rc1 Bd5 16. f3 Ng4 17. e4 Ne3 18. exd5 Rxd5 19. Ke2 Nxc2 20. Nc3 N2d4+
21. Kf2 Rd7 22. Bg2 Rgd8 23. Nge2 Nxe2 24. Nxe2 Nb4 25. a3 Nd3+ 26. Ke3 Nxc1 27.
Rxc1 c6 28. Rb1 f6 29. Kf2 Rd1 30. Rb2 R8d2 31. Rxd2 Rxd2 32. Bh3 b5 33. Bf5 h6
34. h4 Ra2 35. a4 Rb2 36. axb5 axb5 37. Be4 Kd6 38. Ke1 Rxb3 39. Kd2 Rb2+ 40.
Bc2 b4 41. Kc1 Ra2 42. Kb1 b3 43. Bd1 Rd2 44. Nc3 Rg2 45. Ne4+ Ke7 46. Bxb3 f5
47. Nc5 Rxg3 48. Bd1 Rh3 49. Nd3 e4 50. Nf4 Rh1 51. Kc2 Rf1 52. Be2 Rf2 53. Kd2
exf3 54. Ke3 Rxe2+ 55. Kxf3 Ra2 56. Ne2 Kf6 57. Nd4 c5 58. Ne2 Ke5 59. Kf2 Rxe2+
60. Kxe2 Ke4 61. Kd2 f4 62. Ke2 f3+ 63. Kd2 c4 64. h5 Kd4 65. Ke1 Ke3 66. Kd1 f2
67. Kc2 f1=Q 0-1

[Event "Fortaleza"]
[Site "http://www.queenalice.com/game.php?id=103590"]
[Date "2006.9.8"]
[Round "-"]
[White "cacobaju"]
[Black "reginaldox"]
[Result "1-0"]
[WhiteElo "1763"]
[BlackElo "1708"]

1. e4 c5 2. Nf3 g6 3. Bc4 Bg7 4. Nc3 Nc6 5. a3 d6 6. h3 Nf6 7. d3 O-O 8. O-O a6
9. Be3 b5 10. Bd5 Bb7 11. d4 cxd4 12. Nxd4 Nxd5 13. Nxd5 e6 14. Nc3 Nxd4 15.
Bxd4 e5 16. Be3 Qd7 17. Nd5 Rad8 18. Bh6 Bxd5 19. Bxg7 Kxg7 20. Qxd5 f5 21. b4
fxe4 22. Qxe4 Rf4 23. Qe3 Qf5 24. Rac1 d5 25. Qa7+ Rd7 26. Qxa6 Qf7 27. Qxb5 Rb7
28. Qe2 e4 29. f3 Re7 30. Rce1 Qe6 31. Qe3 Rff7 32. fxe4 Rxf1+ 33. Rxf1 dxe4 34.
c3 Qa6 35. Qd4+ Kg8 36. Qd8+ 1-0

[Event "Revanche"]
[Site "http://www.queenalice.com/game.php?id=104265"]
[Date "2006.9.10"]
[Round "-"]
[White "crono"]
[Black "cacobaju"]
[Result "1-0"]
[WhiteElo "1962"]
[BlackElo "1782"]

1. d4 d5 2. c4 e6 3. Nc3 Nf6 4. Bg5 Be7 5. e3 O-O 6. Nf3 h6 7. Bh4 Ne4 8. Bxe7
Qxe7 9. cxd5 exd5 10. Nxd5 Qd8 11. Nc3 Nxc3 12. bxc3 Bg4 13. Be2 Nd7 14. O-O c5
15. Qb3 b6 16. Rfd1 Qe7 17. a4 Rab8 18. a5 bxa5 19. Qa3 f5 20. h3 Bxf3 21. Bxf3
Nb6 22. dxc5 Nc4 23. Bd5+ Kh8 24. Bxc4 Rbc8 25. Rd6 Qc7 26. Be6 Rcd8 27. Qxa5
Qxa5 28. Rxa5 Rxd6 29. cxd6 Rf6 30. d7 Rxe6 31. d8=Q+ 1-0

[Event "Revanche 2"]
[Site "http://www.queenalice.com/game.php?id=106663"]
[Date "2006.9.16"]
[Round "-"]
[White "mosca"]
[Black "cacobaju"]
[Result "0-1"]
[WhiteElo "1497"]
[BlackElo "1777"]

1. d4 d5 2. e3 Nf6 3. b4 Nc6 4. Bb5 Bd7 5. Nc3 Nxb4 6. a3 Bxb5 7. Nxb5 Nc6 8.
Nh3 h6 9. f4 Ne4 10. a4 a6 11. Na3 e6 12. g4 Qh4+ 13. Ke2 Qxh3 14. Qf1 Qxg4+ 15.
Qf3 Qxf3+ 16. Kxf3 O-O-O 17. Rb1 Bxa3 18. Bxa3 Nd2+ 19. Ke2 Nxb1 20. Rxb1 g5 21.
fxg5 hxg5 22. Rg1 Rxh2+ 23. Kf1 Rg8 24. c3 g4 25. e4 g3 26. exd5 exd5 27. Bc1
Rf2+ 28. Ke1 Re8+ 29. Kd1 g2 30. Re1 Rf1 31. Rxf1 gxf1=Q+ 32. Kc2 Re2+ 33. Kd3
Qd1+ 34. Bd2 Qxd2# 0-1

[Event "Challenge"]
[Site "http://www.queenalice.com/game.php?id=107632"]
[Date "2006.9.19"]
[Round "-"]
[White "Urahara"]
[Black "cacobaju"]
[Result "0-1"]
[WhiteElo "1421"]
[BlackElo "1782"]

1. h4 e5 2. f3 Nc6 3. c3 Nf6 4. e3 d5 5. Bb5 Bd7 6. Qb3 a6 7. Bd3 Na5 8. Qd1 Bd6
9. Nh3 h6 10. e4 dxe4 11. fxe4 Bc5 12. b4 Bc6 13. Qe2 Bb6 14. bxa5 Bxa5 15. Ba3
b5 16. Bc5 Nd7 17. Bb4 Bb6 18. Qg4 g6 19. h5 Nf6 20. Qf3 Nxh5 21. a4 bxa4 22.
Na3 f5 23. Nc4 Qh4+ 24. Kd1 fxe4 25. Bxe4 Bxe4 26. Qf1 Qg4+ 27. Kc1 Bxg2 28.
Nxe5 Bxf1 29. Nxg4 Ng3 30. Rxf1 Nxf1 31. Rxa4 a5 32. Ba3 O-O-O 33. Rc4 Nxd2 34.
Rc6 Nb3+ 35. Kb2 a4 36. Nf4 Rhe8 37. Nf6 Rd2+ 38. Kb1 Re1+ 39. Bc1 Rxc1# 0-1

[Event "Challenge"]
[Site "http://www.queenalice.com/game.php?id=158713"]
[Date "2007.1.25"]
[Round "-"]
[White "emilio2100"]
[Black "cacobaju"]
[Result "1-0"]
[WhiteElo "1783"]
[BlackElo "1793"]

1. e4 e5 2. Nf3 Nc6 3. Bc4 h6 4. c3 Nf6 5. O-O d6 6. Re1 Be7 7. d4 O-O 8. b4 a6
9. b5 Na7 10. a4 a5 11. Qc2 1-0

[Event "Challenge"]
[Site "http://www.queenalice.com/game.php?id=159952"]
[Date "2007.1.27"]
[Round "-"]
[White "DaviUrahara"]
[Black "cacobaju"]
[Result "0-1"]
[WhiteElo "1558"]
[BlackElo "1793"]

1. h4 e5 2. e4 Nf6 3. Nf3 Nc6 4. a4 Nxe4 5. Bd3 Nf6 6. Nc3 Bc5 7. O-O O-O 8. Ng5
d5 9. h5 e4 10. b4 Bxb4 11. Be2 h6 12. Nh3 Bxh3 13. gxh3 Nd4 14. Na2 Nxe2+ 15.
Qxe2 Bc5 16. Bb2 Nd7 17. d4 Bb6 18. Nb4 Qg5+ 19. Qg4 Qxg4+ 20. hxg4 f5 21. Nxd5
fxg4 22. Ne7+ Kh7 23. Ng6 Rf5 24. Ne7 Rf3 25. Rae1 Nf6 26. d5 g3 27. Kh1 gxf2
28. Re2 Nxh5 29. Be5 Re8 0-1